00394nam a2200133Ia 45000010005000000080041000050820020000461000076000662450042001422600025001845900007002099010029002169990015002452618241024s9999 xx 000 0 und d aRD/610/R426s/15 aRepública Dominicana. Secretaría de Estado de Educación y Cultura 0aSeguro médico para maestros (SEMMA) bEd. de Coloresc2000 asi a28/11/2012 12:16:28 p.m. c8129d8129